[Event "1st FIDE OWCCCC Pools-East 2021"]
[Site "Online"]
[Date "2021.02.19"]
[Round "3.75"]
[White "Castaneda, John Jairo"]
[Black "Hermans, Yannick"]
[Result "0-1"]
[WhiteElo "2169"]
[BlackElo "1213"]
[Annotator "TA"]
[PlyCount "62"]
[EventDate "2021.02.19"]
[EventType "team-tourn"]
[EventCountry "NET"]
[SourceTitle "playchess.com"]
[Source "ChessBase"]
[SourceQuality "1"]

1. e4 e5 2. Qf3 Nf6 3. Qb3 Nc6 4. Bc4 d5 5. Bxd5 Nxd5 6. exd5 Nd4 7. Qb5+ c6 8. Qa4 Bd6 9. c3 b5 10. Qd1 Nf5 11. dxc6 Qb6 12. Nh3 Qxc6 13. Ng5 Qxg2 14. Qb3 Qxh1+ 15. Ke2 O-O 16. Na3 Qxh2 17. Nxb5 Ba6 18. c4 Qh5+ 19. Nf3 e4 20. c5 exf3+ 21. Kd3 Bxc5 22. Qd5 Bxb5+ 23. Ke4 Rae8+ 24. Kf4 Qh4+ 25. Kxf5 Qh5+ 26. Kf4 Qxd5 27. d4 Qe4+ 28. Kg5 Qxd4 29. Bf4 Qxf2 30. a4 Qg2+ 31. Kf5 Qg6# 0-1

[Event "1st FIDE OWCCCC Pools-East 2021"]
[Site "Online"]
[Date "2021.02.19"]
[Round "3.75"]
[White "Dalmais, Camille"]
[Black "Kuzmin, Mark"]
[Result "0-1"]
[WhiteElo "827"]
[BlackElo "909"]
[Annotator "NA RC"]
[PlyCount "86"]
[EventDate "2021.02.19"]
[EventType "team-tourn"]
[EventCountry "NET"]
[SourceTitle "playchess.com"]
[Source "ChessBase"]
[SourceQuality "1"]

1. e4 e5 2. Nf3 Nc6 3. Bc4 h6 4. d3 Nf6 5. Be3 Bb4+ 6. c3 Ba5 7. O-O d5 8. d4 exd4 9. Bxd5 dxe3 10. fxe3 Ng4 11. Re1 O-O 12. Na3 a6 13. Nc4 Qf6 14. Qd4 Qxd4 15. exd4 Bd7 16. Nce5 Ncxe5 17. Nxe5 Nxe5 18. dxe5 c6 19. Bc4 b5 20. Bd3 c5 21. Bc2 Rfe8 22. Red1 Bc6 23. Rf1 Rxe5 24. Bb3 Ra7 25. Rae1 c4 26. Bd1 Rae7 27. Rf4 Bb6+ 28. Kf1 g5 29. Rf5 Rxf5+ 30. exf5 Rd7 31. Bf3 Rd6 32. Bxc6 Rxc6 33. b3 cxb3 34. a3 Rf6 35. g4 Rc6 36. Re8+ Kg7 37. Rb8 b2 38. Rxb6 b1=Q+ 39. Ke2 Rxb6 40. Ke3 Qc1+ 41. Kf3 Rd6 42. h3 Rd3+ 43. Ke4 Qe3# 0-1

[Event "1st FIDE OWCCCC Pools-East 2021"]
[Site "Online"]
[Date "2021.02.19"]
[Round "3.75"]
[White "Hermeling, Evelien"]
[Black "Mashkoor, Mohammed"]
[Result "0-1"]
[WhiteElo "790"]
[BlackElo "647"]
[Annotator "NA RC"]
[PlyCount "132"]
[EventDate "2021.02.19"]
[EventType "team-tourn"]
[EventCountry "NET"]
[SourceTitle "playchess.com"]
[Source "ChessBase"]
[SourceQuality "1"]

1. e4 e5 2. Nc3 Nf6 3. f4 exf4 4. e5 Ng8 5. Nf3 Nc6 6. Bb5 Nb4 7. d4 c6 8. Ba4 b5 9. Bb3 Nh6 10. Bxf4 Ng4 11. h3 h6 12. hxg4 g5 13. Bg3 d6 14. Qe2 dxe5 15. Qxe5+ Kd7 16. Qxh8 Nxc2+ 17. Kf1 Nxa1 18. Qe5 Nxb3 19. axb3 Bd6 20. Qe1 Bxg3 21. Qxg3 b4 22. Ne4 Ke8 23. Ne5 Ba6+ 24. Nd3 Qxd4 25. Qe5+ Qxe5 26. Rh2 Bxd3+ 27. Kf2 Qxe4 28. Rh3 Ba6 29. Re3 Qxe3+ 30. Kxe3 Rd8 31. Ke4 Rd7 32. Ke5 Re7+ 33. Kf6 Bc8 34. Kg7 Bxg4 35. Kh7 Kd7 36. Kxh6 Re6+ 37. Kxg5 Bd1 38. g3 Re5+ 39. Kf4 Rd5 40. Ke3 Bxb3 41. g4 c5 42. Kf4 c4 43. g5 c3 44. bxc3 bxc3 45. Ke3 c2 46. Ke4 Rxg5 47. Ke3 c1=Q+ 48. Kd4 Rg4+ 49. Ke5 Qe1+ 50. Kf5 Qg1 51. Kf6 Qf1+ 52. Ke5 Rg5+ 53. Kd4 Rg4+ 54. Kc3 Qb1 55. Kd2 Rg2+ 56. Ke3 f5 57. Kd4 f4 58. Ke5 Rf2 59. Kf6 Rg2 60. Ke5 f3 61. Kf4 f2 62. Kf3 Qg1 63. Ke4 f1=Q 64. Ke5 Qe1+ 65. Kf6 Qd4+ 66. Kf5 Bc2# 0-1

[Event "1st FIDE OWCCCC Pools-East 2021"]
[Site "Online"]
[Date "2021.02.19"]
[Round "3.75"]
[White "asiek"]
[Black "N, Shehnaaz"]
[Result "0-1"]
[WhiteElo "215"]
[BlackElo "855"]
[Annotator "NA RC"]
[PlyCount "34"]
[EventDate "2021.02.19"]
[EventType "team-tourn"]
[EventCountry "NET"]
[SourceTitle "playchess.com"]
[Source "ChessBase"]
[SourceQuality "1"]

1. d4 d5 2. Nc3 Nf6 3. Nf3 e5 4. dxe5 Ng4 5. Bg5 f6 6. Bh4 c6 7. Qd4 Bf5 8. Rc1 c5 9. Qa4+ Bd7 10. Qa3 c4 11. Nxd5 Bxa3 12. bxa3 Qa5+ 13. Nb4 Qb6 14. Nd5 Qb2 15. Rd1 Qxc2 16. e3 Ba4 17. Nd2 Qxd1# 0-1

[Event "1st FIDE OWCCCC Pools-East 2021"]
[Site "Online"]
[Date "2021.02.19"]
[Round "3.76"]
[White "Gowtham, T.."]
[Black "Ghazal, Omar"]
[Result "1-0"]
[WhiteElo "1978"]
[BlackElo "1023"]
[Annotator "TA"]
[PlyCount "99"]
[EventDate "2021.02.19"]
[EventType "team-tourn"]
[EventCountry "NET"]
[SourceTitle "playchess.com"]
[Source "ChessBase"]
[SourceQuality "1"]

1. e4 e6 2. Nf3 Nf6 3. Nc3 Bc5 4. d4 Bb4 5. Bd2 Nc6 6. d5 exd5 7. exd5 Qe7+ 8. Be2 Ne5 9. Nb5 Nxf3+ 10. gxf3 Bxd2+ 11. Qxd2 Kd8 12. Kf1 c6 13. dxc6 bxc6 14. Nd4 Rb8 15. Re1 Qb4 16. Nxc6+ Kc7 17. Nxb4 Re8 18. Nd5+ Nxd5 19. Qxd5 d6 20. Qxf7+ Bd7 21. b3 Rf8 22. Qxg7 Rg8 23. Qxh7 Kc6 24. a4 Rh8 25. Qe4+ Kc7 26. Bb5 Rhe8 27. Bxd7 Rxe4 28. Rxe4 Kxd7 29. f4 Rc8 30. c4 Rb8 31. Re3 a5 32. f5 Rf8 33. Rf3 Ke7 34. h4 Rf6 35. Rg1 Rh6 36. Rf4 Kf6 37. Rg6+ Rxg6 38. fxg6+ Kxg6 39. Rd4 Kh5 40. Rxd6 Kxh4 41. c5 Kg4 42. c6 Kf4 43. c7 Ke5 44. Rd8 Kf6 45. c8=Q Kg5 46. Qc5+ Kf4 47. Qe3+ Kg4 48. Rf8 Kh4 49. Qg3+ Kh5 50. Rh8# 1-0

[Event "1st FIDE OWCCCC Pools-East 2021"]
[Site "Online"]
[Date "2021.02.19"]
[Round "3.76"]
[White "ZubinMaster"]
[Black "Rapport, Richard"]
[Result "1-0"]
[WhiteElo "1198"]
[BlackElo "2763"]
[Annotator "TA"]
[PlyCount "81"]
[EventDate "2021.02.19"]
[EventType "team-tourn"]
[EventCountry "NET"]
[SourceTitle "playchess.com"]
[Source "ChessBase"]
[SourceQuality "1"]

1. e4 e5 2. Nf3 Nf6 3. Nc3 d6 4. Bc4 Nc6 5. d3 b6 6. Ng5 Qe7 7. Nxf7 Rg8 8. O-O a6 9. Bg5 b5 10. Bb3 Bg4 11. Bxf6 Qxf6 12. Qxg4 g6 13. Ng5 h5 14. Qg3 Bh6 15. h4 Rf8 16. Nd5 Qg7 17. Ne6 Qg8 18. Nxf8 Qxf8 19. Qxg6+ Kd7 20. f4 exf4 21. Nf6+ Ke7 22. Nxh5 Ne5 23. Qe6+ Kd8 24. Qf6+ Ke8 25. Qxf8+ Kxf8 26. Nxf4 Ng4 27. Ne6+ Ke7 28. Ng5 Bg7 29. Rf7+ Kd8 30. Rxg7 Ne3 31. Rg8+ Kd7 32. Rxa8 b4 33. h5 a5 34. h6 Nf5 35. exf5 c5 36. Bd5 b3 37. axb3 Ke7 38. h7 Kf6 39. h8=Q+ Kxg5 40. Rg8+ Kxf5 41. Rf1# 1-0

[Event "1st FIDE OWCCCC Pools-East 2021"]
[Site "Online"]
[Date "2021.02.19"]
[Round "3.76"]
[White "Loos, Jelle"]
[Black "Bellorin, Francis"]
[Result "1-0"]
[WhiteElo "1110"]
[BlackElo "389"]
[Annotator "NA RC"]
[PlyCount "31"]
[EventDate "2021.02.19"]
[EventType "team-tourn"]
[EventCountry "NET"]
[SourceTitle "playchess.com"]
[Source "ChessBase"]
[SourceQuality "1"]

1. e4 e5 2. Nf3 Nf6 3. Nxe5 Nc6 4. Nxc6 Ng4 5. Nxd8 Nxf2 6. Qf3 Nxh1 7. Nxf7 Bc5 8. Nxh8 d5 9. Qf7+ Kd8 10. Qxd5+ Bd7 11. Qxc5 Rc8 12. d4 b6 13. Qf8+ Be8 14. Bg5+ Kd7 15. Bb5+ c6 16. Qe7# 1-0

[Event "1st FIDE OWCCCC Pools-East 2021"]
[Site "Online"]
[Date "2021.02.19"]
[Round "3.76"]
[White "Mirza, Zahra"]
[Black "Meroni, Alessio"]
[Result "0-1"]
[WhiteElo "275"]
[BlackElo "643"]
[Annotator "NA RC"]
[PlyCount "48"]
[EventDate "2021.02.19"]
[EventType "team-tourn"]
[EventCountry "NET"]
[SourceTitle "playchess.com"]
[Source "ChessBase"]
[SourceQuality "1"]

1. g4 e5 2. Bg2 d5 3. h4 Nf6 4. d3 Nxg4 5. Rh3 Nf6 6. Na3 Bxh3 7. Bxh3 Bc5 8. Be3 Qd6 9. Nb5 Qb6 10. Nc3 Qxb2 11. Na4 Qb4+ 12. Kf1 b6 13. Bg2 Qxa4 14. Rb1 Qxa2 15. Bxd5 Nxd5 16. Bg5 O-O 17. Ra1 Qb2 18. c4 Nc3 19. Ra3 Nxd1 20. Ra1 Qxa1 21. Be3 Bxe3 22. fxe3 Nxe3+ 23. Kf2 Qf1+ 24. Kg3 Qg2# 0-1

[Event "1st FIDE OWCCCC Pools-East 2021"]
[Site "Online"]
[Date "2021.02.19"]
[Round "3.76"]
[White "Zimina, Angelina"]
[Black "Khoperia, Zaza"]
[Result "0-1"]
[WhiteElo "192"]
[BlackElo "2225"]
[Annotator "RC"]
[PlyCount "62"]
[EventDate "2021.02.19"]
[EventType "team-tourn"]
[EventCountry "NET"]
[SourceTitle "playchess.com"]
[Source "ChessBase"]
[SourceQuality "1"]

1. e4 e5 2. Nf3 Nc6 3. c4 Nf6 4. h4 Nxe4 5. d3 Nc5 6. d4 exd4 7. Nxd4 Be7 8. g3 O-O 9. Nc3 Re8 10. Be3 Bf6 11. h5 Bxd4 12. Rh4 d6 13. Rxd4 Nxd4 14. Qxd4 a6 15. b4 Ne6 16. a4 Nxd4 17. Bh3 Nc2+ 18. Kd2 Nxa1 19. Bg2 Nb3+ 20. Kc2 Na1+ 21. Kb2 Qf6 22. Kxa1 Qxc3+ 23. Kb1 Qxb4+ 24. Kc2 Qxc4+ 25. Kd2 Qxa4 26. Kc1 c5 27. Bh3 Bxh3 28. g4 b6 29. g5 d5 30. Bf4 Qa2 31. Bc7 Re1# 0-1

[Event "1st FIDE OWCCCC Pools-East 2021"]
[Site "Online"]
[Date "2021.02.19"]
[Round "3.77"]
[White "Hassan Sampath, Santosh"]
[Black "Mukoseev, Anatoly M."]
[Result "1-0"]
[WhiteElo "1411"]
[BlackElo "2362"]
[Annotator "TA"]
[PlyCount "91"]
[EventDate "2021.02.19"]
[EventType "team-tourn"]
[EventCountry "NET"]
[SourceTitle "playchess.com"]
[Source "ChessBase"]
[SourceQuality "1"]

1. d4 d5 2. Nf3 Nc6 3. Bf4 Nf6 4. c3 b5 5. e3 Bf5 6. Bxb5 Qd7 7. Ne5 Qe6 8. Bxc6+ Kd8 9. Bxa8 Ne4 10. Nd2 Qc8 11. Bxd5 Nf6 12. Nxf7+ Ke8 13. Nxh8 Nxd5 14. Qb3 Be6 15. Qb5+ Kd8 16. Bg3 c6 17. Qa5+ Ke8 18. O-O g6 19. Rae1 Bg7 20. e4 Nc7 21. Bxc7 Bxh8 22. Bf4 Kf7 23. Re3 Bg7 24. Rf3 Bg4 25. Rg3 h6 26. Qa4 g5 27. Be5 Bf8 28. Qc4+ Ke8 29. Nb3 h5 30. h3 h4 31. Rxg4 e6 32. Rxg5 Bh6 33. Rg8+ Bf8 34. Bg7 Kf7 35. Rh8 Kxg7 36. Rxh4 Be7 37. Rg4+ Kf7 38. e5 Qh8 39. Re1 Qh6 40. Re3 Qh7 41. Rf3+ Ke8 42. Qxc6+ Kd8 43. Nd2 Qc2 44. Rg8+ Bf8 45. Rfxf8+ Ke7 46. Qc7# 1-0

[Event "1st FIDE OWCCCC Pools-East 2021"]
[Site "Online"]
[Date "2021.02.19"]
[Round "3.77"]
[White "Callagher, Liam"]
[Black "Fernandes, Gervano"]
[Result "0-1"]
[WhiteElo "1014"]
[BlackElo "1313"]
[Annotator "NA RC"]
[PlyCount "50"]
[EventDate "2021.02.19"]
[EventType "team-tourn"]
[EventCountry "NET"]
[SourceTitle "playchess.com"]
[Source "ChessBase"]
[SourceQuality "1"]

1. e4 c5 2. Bc4 e6 3. Nc3 Nc6 4. d3 g6 5. Bf4 Bg7 6. Nf3 Nge7 7. O-O d5 8. exd5 exd5 9. Re1 dxc4 10. dxc4 O-O 11. Qxd8 Rxd8 12. Re4 Bf5 13. Re2 Nd4 14. Nxd4 cxd4 15. Ne4 Bxe4 16. Rxe4 Nf5 17. c3 dxc3 18. bxc3 Rac8 19. Rc1 Nd6 20. Re5 Bxe5 21. Bxe5 Nxc4 22. Bf6 Re8 23. Rd1 Nb2 24. Rb1 Rxc3 25. Rxb2 Rc1# 0-1

[Event "1st FIDE OWCCCC Pools-East 2021"]
[Site "Online"]
[Date "2021.02.19"]
[Round "3.78"]
[White "Soham Naik"]
[Black "Zen, Johnny"]
[Result "1-0"]
[WhiteElo "1292"]
[BlackElo "999"]
[Annotator "NA RC"]
[PlyCount "33"]
[EventDate "2021.02.19"]
[EventType "team-tourn"]
[EventCountry "NET"]
[SourceTitle "playchess.com"]
[Source "ChessBase"]
[SourceQuality "1"]

1. e4 e5 2. Nf3 Qf6 3. Nc3 Nc6 4. Bc4 Nb4 5. d3 c6 6. Bg5 Qg6 7. a3 d5 8. exd5 cxd5 9. Bb5+ Bd7 10. Bxd7+ Kxd7 11. axb4 e4 12. Ne5+ Kd6 13. Nxg6 hxg6 14. dxe4 Rc8 15. Qxd5+ Kc7 16. Bf4+ Kb6 17. Qb5# 1-0

[Event "1st FIDE OWCCCC Pools-East 2021"]
[Site "Online"]
[Date "2021.02.19"]
[Round "3.78"]
[White "Zamyatin, Artem"]
[Black "Vinay S"]
[Result "1/2-1/2"]
[WhiteElo "404"]
[BlackElo "1057"]
[Annotator "NA RC"]
[PlyCount "65"]
[EventDate "2021.02.19"]
[EventType "team-tourn"]
[EventCountry "NET"]
[SourceTitle "playchess.com"]
[Source "ChessBase"]
[SourceQuality "1"]

1. e4 e5 2. Nc3 Nc6 3. Nf3 Bb4 4. Bd3 d6 5. O-O Nge7 6. a3 Ba5 7. b4 Bb6 8. Rb1 Nd4 9. Nxd4 Bxd4 10. Bb5+ c6 11. Ba4 O-O 12. b5 Bxc3 13. dxc3 cxb5 14. Bxb5 a6 15. Ba4 Qc7 16. Qe2 Qxc3 17. Bb2 Qc7 18. c4 Bd7 19. Bc2 f5 20. Rfd1 f4 21. Qd2 Nc8 22. Bxe5 Qxc4 23. Ba1 Ba4 24. Rb4 Qxc2 25. Qd5+ Kh8 26. Bxg7+ Kxg7 27. Rxb7+ Kg6 28. Qe6+ Rf6 29. Qg4+ Kh6 30. Qh4+ Kg6 31. Qg4+ Kh6 32. Qh4+ Kg6 33. Qg4+ 1/2-1/2

[Event "1st FIDE OWCCCC Pools-East 2021"]
[Site "Online"]
[Date "2021.02.19"]
[Round "3.79"]
[White "Aryal, Mitra"]
[Black "Ivanova, Anastasia S."]
[Result "0-1"]
[WhiteElo "245"]
[BlackElo "1830"]
[Annotator "NA RC"]
[PlyCount "54"]
[EventDate "2021.02.19"]
[EventType "team-tourn"]
[EventCountry "NET"]
[SourceTitle "playchess.com"]
[Source "ChessBase"]
[SourceQuality "1"]

1. e4 a5 2. Nf3 Nh6 3. Bb5 c6 4. Ba4 b5 5. Bb3 a4 6. O-O axb3 7. cxb3 b4 8. Ne5 Rxa2 9. Rxa2 Ba6 10. Nc3 Bxf1 11. Qxf1 bxc3 12. bxc3 d6 13. Nc4 d5 14. exd5 cxd5 15. Na5 e6 16. Qb5+ Nd7 17. Nc6 Bc5 18. Ba3 Bb6 19. h3 Qh4 20. g3 Qxh3 21. d4 Ng4 22. c4 e5 23. Rd2 exd4 24. c5 O-O 25. cxb6 Nde5 26. Ne7+ Kh8 27. b7 Nf3# 0-1

[Event "1st FIDE OWCCCC Pools-East 2021"]
[Site "Online"]
[Date "2021.02.19"]
[Round "3.80"]
[White "Avinash Kumar"]
[Black "Mills, Thomas"]
[Result "1/2-1/2"]
[WhiteElo "1291"]
[BlackElo "929"]
[Annotator "NA RC"]
[PlyCount "134"]
[EventDate "2021.02.19"]
[EventType "team-tourn"]
[EventCountry "NET"]
[SourceTitle "playchess.com"]
[Source "ChessBase"]
[SourceQuality "1"]

1. c3 e5 2. Nh3 Qf6 3. Na3 Bc5 4. Qb3 d6 5. Nc4 Bf5 6. Ne3 Nh6 7. g3 Ng4 8. c4 Be4 9. Nxg4 Qf5 10. f3 Bc2 11. Qc3 Na6 12. d3 Ba4 13. Ne3 Qg6 14. Nd5 Bc6 15. Ne3 O-O 16. Ng4 Rae8 17. a4 Nb4 18. Ng5 Bd4 19. Qxb4 b5 20. cxb5 Bd5 21. Qd2 c5 22. a5 h6 23. Nh3 h5 24. Ng5 hxg4 25. Ra4 gxf3 26. Nxf3 e4 27. dxe4 Bxe4 28. Bg2 Qe6 29. Rxd4 cxd4 30. Nxd4 Qe5 31. Bxe4 Qxe4 32. Rf1 Qe7 33. Qf4 f6 34. Qg4 Qe5 35. Be3 f5 36. Qh4 Qe4 37. Rf3 Qe5 38. Qh5 Qe6 39. Nxe6 Rxe6 40. Bd4 Rh6 41. Qg4 fxg4 42. Rxf8+ Kxf8 43. Bxa7 Rxh2 44. Kd2 d5 45. Ke3 g6 46. Kd4 Rh5 47. Kc5 Rf5 48. Kd6 Rf6+ 49. Kxd5 Rf5+ 50. Kc4 Rf6 51. Kd4 Rd6+ 52. Ke5 Rd7 53. Kf6 Rxa7 54. Kxg6 Rd7 55. Kg5 Re7 56. Kxg4 Rxe2 57. Kg5 Rxb2 58. Kh6 Rxb5 59. Kh7 Rxa5 60. Kh6 Ra6+ 61. Kh5 Ra5+ 62. Kh4 Ra4+ 63. Kh3 Ra3 64. Kh2 Ra2+ 65. Kh3 Ra3 66. Kh2 Ra2+ 67. Kh3 Ra3 1/2-1/2

[Event "1st FIDE OWCCCC Pools-East 2021"]
[Site "Online"]
[Date "2021.02.19"]
[Round "3.80"]
[White "Galiev, Artem"]
[Black "Kavya M Rao"]
[Result "1-0"]
[WhiteElo "1008"]
[BlackElo "1362"]
[Annotator "NA RC"]
[PlyCount "67"]
[EventDate "2021.02.19"]
[EventType "team-tourn"]
[EventCountry "NET"]
[SourceTitle "playchess.com"]
[Source "ChessBase"]
[SourceQuality "1"]

1. e4 e5 2. Nc3 Nc6 3. Bb5 Nf6 4. Bxc6 dxc6 5. d3 Bd6 6. Bg5 O-O 7. Bxf6 Qxf6 8. Nf3 Bg4 9. O-O Bb4 10. a3 Ba5 11. b4 Bb6 12. b5 cxb5 13. Nd5 Qe7 14. Nxe7+ Kh8 15. Rb1 Rae8 16. Nf5 Rd8 17. Rxb5 Bxf5 18. exf5 h6 19. Nxe5 h5 20. Qxh5+ Kg8 21. Rb4 f6 22. Ng4 Rxd3 23. cxd3 Ba5 24. Rxb7 c5 25. Rb5 Bd8 26. Rxc5 Be7 27. Rc7 Bxa3 28. Rxa7 Re8 29. Qxe8+ Kh7 30. Qh5+ Kg8 31. Ra8+ Bf8 32. d4 g6 33. Qxg6+ Kh8 34. Rxf8# 1-0

[Event "1st FIDE OWCCCC Pools-East 2021"]
[Site "Online"]
[Date "2021.02.20"]
[Round "4.1"]
[White "Nepomniachtchi, Ian"]
[Black "Anisimov, Pavel"]
[Result "1-0"]
[WhiteElo "2789"]
[BlackElo "2527"]
[Annotator "TA"]
[PlyCount "55"]
[EventDate "2021.02.19"]
[EventType "team-tourn"]
[EventCountry "NET"]
[SourceTitle "playchess.com"]
[Source "ChessBase"]
[SourceQuality "1"]

1. e4 e6 2. d4 d5 3. Nc3 dxe4 4. Nxe4 Nd7 5. Nf3 Ngf6 6. Nxf6+ Nxf6 7. Ne5 Nd7 8. Nc4 Nf6 9. Bf4 Be7 10. Be5 O-O 11. Bd3 b5 12. Ne3 c5 13. Qf3 cxd4 14. O-O-O Qa5 15. Bxd4 Ba6 16. Ng4 Nxg4 17. Qxg4 g6 18. Kb1 b4 19. Bxa6 Qxa6 20. h4 h5 21. Qf4 Qb5 22. g4 Rad8 23. Qh6 e5 24. gxh5 Rxd4 25. hxg6 Rxd1+ 26. Rxd1 fxg6 27. Qxg6+ Kh8 28. Rg1 1-0

[Event "1st FIDE OWCCCC Pools-East 2021"]
[Site "Online"]
[Date "2021.02.20"]
[Round "4.1"]
[White "Meier, Georg"]
[Black "Jojua, Davit"]
[Result "1-0"]
[WhiteElo "2628"]
[BlackElo "2557"]
[Annotator "TA"]
[PlyCount "105"]
[EventDate "2021.02.19"]
[EventType "team-tourn"]
[EventCountry "NET"]
[SourceTitle "playchess.com"]
[Source "ChessBase"]
[SourceQuality "1"]

1. Nf3 Nf6 2. g3 g6 3. Bg2 Bg7 4. O-O O-O 5. d4 d6 6. b3 e5 7. dxe5 dxe5 8. Ba3 Qxd1 9. Rxd1 Re8 10. c4 e4 11. Nd4 Ng4 12. Nc3 e3 13. Nd5 Na6 14. fxe3 c6 15. Ne7+ Kh8 16. Nxc8 Raxc8 17. Bh3 Nxe3 18. Bxc8 Rxc8 19. Rd3 c5 20. Nb5 Bxa1 21. Rxe3 Bf6 22. Rd3 Re8 23. Kf1 Kg7 24. Rd7 Re7 25. Rxe7 Bxe7 26. Nxa7 Nb4 27. Nc8 Bf8 28. Bb2+ Kg8 29. a3 Nc6 30. Bc3 f5 31. Nb6 Bg7 32. Bxg7 Kxg7 33. Nd7 Kf7 34. Nxc5 Na5 35. a4 Ke7 36. b4 Nxc4 37. Nxb7 Kd7 38. Nc5+ Kc6 39. Ne6 Nb2 40. a5 Kb5 41. Nf8 Nc4 42. Nxh7 Kxb4 43. a6 Kb5 44. a7 Nb6 45. Nf8 g5 46. Ne6 Ka6 47. Nxg5 Kxa7 48. Kf2 Kb7 49. Kf3 Nd5 50. Ne6 Nf6 51. Kf4 Ng4 52. h4 Nh6 53. Kg5 1-0

[Event "1st FIDE OWCCCC Pools-East 2021"]
[Site "Online"]
[Date "2021.02.20"]
[Round "4.1"]
[White "Batchuluun, Tsegmed"]
[Black "Warakomski, Tomasz"]
[Result "1-0"]
[WhiteElo "2536"]
[BlackElo "2510"]
[Annotator "TA"]
[PlyCount "37"]
[EventDate "2021.02.19"]
[EventType "team-tourn"]
[EventCountry "NET"]
[SourceTitle "playchess.com"]
[Source "ChessBase"]
[SourceQuality "1"]

1. d4 Nf6 2. c4 e6 3. Nf3 c5 4. d5 b5 5. Bg5 Qa5+ 6. Nbd2 Ne4 7. b4 Qxb4 8. Rb1 Nxg5 9. Rxb4 Nxf3+ 10. gxf3 cxb4 11. cxb5 Bb7 12. Qc2 Kd8 13. Bh3 Bxd5 14. O-O Bd6 15. e4 Bb7 16. Nb3 Ke7 17. Na5 Bc8 18. e5 Bxe5 19. Qe4 1-0

[Event "1st FIDE OWCCCC Pools-East 2021"]
[Site "Online"]
[Date "2021.02.20"]
[Round "4.2"]
[White "Janik, Igor"]
[Black "Lkhagvasuren, Zolboo"]
[Result "1-0"]
[WhiteElo "2495"]
[BlackElo "1888"]
[Annotator "TA"]
[PlyCount "95"]
[EventDate "2021.02.19"]
[EventType "team-tourn"]
[EventCountry "NET"]
[SourceTitle "playchess.com"]
[Source "ChessBase"]
[SourceQuality "1"]

1. d4 d5 2. c4 c6 3. cxd5 cxd5 4. Bf4 Nc6 5. e3 Nf6 6. Nc3 Bf5 7. Qb3 Qd7 8. Nf3 a6 9. Na4 e6 10. Nb6 Bb4+ 11. Ke2 Qd8 12. Nxa8 Qxa8 13. Rc1 Be7 14. Ne5 O-O 15. Nxc6 bxc6 16. f3 Rc8 17. g4 Bg6 18. Kf2 c5 19. dxc5 Bxc5 20. Bd3 Bxd3 21. Qxd3 Be7 22. Rxc8+ Qxc8 23. Qc3 Qxc3 24. bxc3 h6 25. Rb1 g5 26. Rb8+ Kg7 27. Be5 Kg6 28. Rb7 Bc5 29. Bd4 Bd6 30. Rb6 Bxh2 31. Rxa6 h5 32. gxh5+ Nxh5 33. a4 Bg3+ 34. Kg2 Nf6 35. Bxf6 Kxf6 36. Kxg3 Kg6 37. a5 Kf6 38. Ra8 Ke7 39. a6 f5 40. a7 e5 41. Rg8 f4+ 42. exf4 gxf4+ 43. Kg4 e4 44. a8=Q exf3 45. Qd8+ Ke6 46. Rg6+ Ke5 47. Qf6+ Ke4 48. Qd4# 1-0

[Event "1st FIDE OWCCCC Pools-East 2021"]
[Site "Online"]
[Date "2021.02.20"]
[Round "4.2"]
[White "Maghalashvili, Davit"]
[Black "Karaia, Alika"]
[Result "0-1"]
[WhiteElo "2456"]
[BlackElo "1523"]
[Annotator "TA"]
[PlyCount "124"]
[EventDate "2021.02.19"]
[EventType "team-tourn"]
[EventCountry "NET"]
[SourceTitle "playchess.com"]
[Source "ChessBase"]
[SourceQuality "1"]

1. Nf3 Nf6 2. c4 g6 3. b3 Bg7 4. Bb2 O-O 5. g3 c5 6. Bg2 d6 7. d4 Ne4 8. O-O Nc6 9. h3 cxd4 10. Nxd4 Qb6 11. Bxe4 Nxd4 12. Nc3 Qd8 13. Bg2 Nc6 14. Qd2 Qa5 15. Rfd1 Qh5 16. Nd5 Bd7 17. Bxg7 Kxg7 18. Qe3 Rad8 19. Nxe7 Nxe7 20. Qxe7 Rfe8 21. Qh4 Qxh4 22. gxh4 Bc6 23. e3 Re5 24. Rd4 Kf6 25. Rad1 Ke7 26. b4 Bxg2 27. Kxg2 b6 28. e4 Rc8 29. f4 Re6 30. Kf3 f5 31. exf5 gxf5 32. h5 a5 33. bxa5 bxa5 34. R1d3 Rb8 35. Rd5 Rb1 36. Rxa5 Rf1+ 37. Kg3 Rg1+ 38. Kf2 Rh1 39. Kg3 Rg1+ 40. Kh4 Kf6 41. Raa3 Re4 42. Rf3 Rxc4 43. Rad3 Ke6 44. Rfe3+ Re4 45. Rf3 d5 46. a3 d4 47. h6 Rg6 48. Kh5 Kd5 49. a4 Kc4 50. a5 Ree6 51. Ra3 Kd5 52. Kh4 Rg1 53. Kh5 Rgg6 54. Kh4 Ke4 55. Rfb3 Kxf4 56. Rf3+ Ke4 57. Rfb3 Rg1 58. Kh5 f4 59. a6 Re5+ 60. Kh4 Re6 61. Kh5 Re5+ 62. Kh4 Rgg5 0-1

[Event "1st FIDE OWCCCC Pools-East 2021"]
[Site "Online"]
[Date "2021.02.20"]
[Round "4.2"]
[White "Abramov, Valentin"]
[Black "Kadatsky, Alexander"]
[Result "0-1"]
[WhiteElo "2271"]
[BlackElo "2368"]
[Annotator "TA"]
[PlyCount "124"]
[EventDate "2021.02.19"]
[EventType "team-tourn"]
[EventCountry "NET"]
[SourceTitle "playchess.com"]
[Source "ChessBase"]
[SourceQuality "1"]

1. d4 Nf6 2. c4 c5 3. d5 b5 4. cxb5 a6 5. bxa6 g6 6. g3 d6 7. Bg2 Bxa6 8. Nc3 Nbd7 9. Nh3 Bg7 10. O-O Nb6 11. Qc2 Nc4 12. b3 Ne5 13. Rb1 O-O 14. Rd1 Bc8 15. Ng5 Bf5 16. e4 Bg4 17. f3 Bc8 18. f4 Ned7 19. h3 Ne8 20. Kh2 Ba6 21. Bb2 Rb8 22. Na4 Bxb2 23. Nxb2 Nc7 24. Nc4 Nb5 25. Nf3 Nb6 26. a4 Nxc4 27. Qxc4 Nc7 28. Qc3 Rb4 29. e5 Qb8 30. exd6 exd6 31. Nd2 f5 32. Re1 Qd8 33. Rbd1 Qf6 34. Qxf6 Rxf6 35. Re7 Rf7 36. Rde1 Kf8 37. Rxf7+ Kxf7 38. h4 h6 39. h5 gxh5 40. Bf3 Rd4 41. Bxh5+ Kf6 42. Nc4 Rxd5 43. Nb6 Rd2+ 44. Kh3 Ne6 45. Nd7+ Ke7 46. Bg6 Bd3 47. Nb6 Be4 48. a5 Ra2 49. Nc4 d5 50. Ne5 Kf6 51. Bh5 Rxa5 52. g4 Ra3 53. Re3 c4 54. gxf5 Bxf5+ 55. Ng4+ Bxg4+ 56. Bxg4 Rxb3 57. Rxb3 cxb3 58. Bd1 Nxf4+ 59. Kg4 b2 60. Bc2 Ke5 61. Bb1 Ne2 62. Kf3 Nc3 0-1

[Event "1st FIDE OWCCCC Pools-East 2021"]
[Site "Online"]
[Date "2021.02.20"]
[Round "4.3"]
[White "Munguntuul, Batkhuyag"]
[Black "Reza, Wojciech"]
[Result "0-1"]
[WhiteElo "2428"]
[BlackElo "2304"]
[Annotator "TA"]
[PlyCount "90"]
[EventDate "2021.02.19"]
[EventType "team-tourn"]
[EventCountry "NET"]
[SourceTitle "playchess.com"]
[Source "ChessBase"]
[SourceQuality "1"]

1. e4 e5 2. Nf3 Nc6 3. Bb5 a6 4. Ba4 Nf6 5. Qe2 b5 6. Bb3 Be7 7. c3 d6 8. O-O O-O 9. Rd1 Na5 10. Bc2 c5 11. d4 Qc7 12. d5 Bd7 13. Nbd2 Rfc8 14. Nf1 g6 15. Ng3 c4 16. Bg5 Qd8 17. Bd2 Nb7 18. b4 cxb3 19. axb3 a5 20. Ra2 Qe8 21. h3 Bd8 22. Rda1 Rab8 23. Nh2 Nc5 24. Qf3 Qf8 25. Ne2 Qg7 26. Bg5 b4 27. Bxf6 Qxf6 28. Qxf6 Bxf6 29. Rxa5 bxc3 30. R1a3 Bd8 31. Ra7 Bb6 32. Nf1 Bxa7 33. Rxa7 Bb5 34. Nfg3 Bxe2 35. Nxe2 Nxb3 36. Ra4 Nd4 37. Nxd4 exd4 38. Rxd4 Rb2 39. Bd1 c2 40. Bxc2 Rbxc2 41. Ra4 R2c4 42. Ra6 Rxe4 43. Rxd6 Rd4 44. Rd7 Rc1+ 45. Kh2 Rcd1 0-1